Statistics for Red Velvet Albums

Click here to take the quiz!

General Stats

  • This quiz has been taken 46 times
  • The average score is 4 of 5

Answer Stats

YearAlbum% Correct
2015The Red
96%
2016Russian Roulette
89%
2015Ice Cream Cake
84%
2017Rookie
78%
2016The Velvet
76%

Score Distribution

Percentile by Number Answered

Percent of People with Each Score

Your Score History

You have not taken this quiz